Confieso que he vivido: memorias

Furkejuvvon:
Bibliográfalaš dieđut
Váldodahkki: Neruda, Pablo (autor)
Materiálatiipa: Girji
Giella:espánnjágiella
Almmustuhtton: Santiago Planeta 1996
Fáttát:
Fáddágilkorat: Lasit fáddágilkoriid
Eai fáddágilkorat, Lasit vuosttaš fáddágilkora!

MARC

LEADER 00000nam a2200000 a 4500
001 UCU2464
003 CL-VaPUC
008 960426e19960000CL |||||||||||||||||spa|d
082 0 4 |a Ch860.92  |b NER  |2 21 
100 |a Neruda, Pablo  |e autor  |9 306531 
245 1 0 |a Confieso que he vivido: memorias 
300 |a 509 p 
942 |c BK 
945 |d 19960426 00:00:00  |a rleighto 
260 |a Santiago  |b Planeta  |c 1996 
650 0 |a Autobiografías   |9 265171 
650 7 |a MEMORIAS  |2 CL-VaPUC  |9 269159 
650 0 |a Escritores  |9 313723 
583 |a last modification  |c 20120330 11:59:35  |k Rodrigo Vera 
999 |c 246754  |d 246752 
952 |0 0  |1 0  |4 0  |6 CH_860_920000000000000_NER_1996  |7 0  |8 A  |9 261951  |a BIBCUR  |b BIBCUR  |d 2019-11-19  |i 3195341  |o Ch860.92 NER 1996  |p 3195341  |r 2025-04-22  |w 2019-11-19  |y BK  |k PER